แสดงรายละเอียดบรรณานุกรม
  กลับหน้าหลัก

Brief Record : Get Marc (ISO 2709) : E-mail record : QR code ปิดหน้าต่าง
E-books : เกี่ยวกับ Collections
LEADER 00000nam 2200000uu 4500
001    213313
003     ULIBM
008    230611s||||||||th 000 0 tha d
020    ^a978-616-594-301-7
040    ^abcnkk
041    ^atha
060 04 ^aWJ160^bธ218ก 2565
100 0  ^aธนัญญ์ เพชรานนท์
245 00 ^aการรักษามะเร็งทางเดินปัสสาวะ =^bComprehensive Management ofUrologic Oncology /^cธนัญญ์ เพชรานนท์, จิรวดี สถิตย์เรืองศักดิ์
246 31 ^aComprehensive Management of Urologic Oncology
250    ^aพิมพ์ครั้งที่ 1
260    ^a[สงขลา] :^bหน่วยผลิตตำรา คณะแพทยศาสตร์ มหาวิทยาลัยสงขลานครินทร์,^c2565, [2022]
300    ^a(22), 563 หน้า :^bภาพประกอบ ;^c27 ซม.
650  2 ^aUrologic Neoplasms^xtherapy
650  4 ^aมะเร็ง
650  4 ^aปัสสาวะและอวัยะสืบพันธ์, เนื้องอก
650  4 ^aปัสสาวะ, โรค
650  4 ^aทางเดินปัสสาวะ, เนื้องอก
700 0  ^aจิรวดี สถิตย์เรืองศักดิ์
710 2  ^aมหาวิทยาลัยสงขลานครินทร์.^bคณะแพทยศาสตร์.^bหน่วยผลิตตำรา
999    ^aใช้งานได้ทุกระบบ
รายการนี้ยังไม่มีแท็ก
คุณยังไม่ได้ล็อกอิน คุณสามารถมีกิจกรรมร่วมกับเว็บไซต์ได้ แต่ต้องล็อกอินก่อน ::
  ล็อกอิน
ลำดับที่ ประเภท เลขเรียก สถานที่ สถานะ
1. การพยาบาล (ตำราหลัก)
การพยาบาล (ตำราหลัก)
WJ160 ธ218ก 2565 ฉ.1 
  
การพยาบาลผู้ใหญ่ On Shelf
  ขอยืม
Note:จัดซื้อปีงบฯ 2566
   [แสดง 1/1 รายการ]

รายการใกล้เคียง
    หัวเรื่อง [มะเร็ง]
    หัวเรื่อง [ปัสสาวะ, โรค]

BibComment


ยังไม่เคยถูกคอมเมนท์

คอมเมนท์ทรัพยากรรายการนี้
  คอมเมนท์: การรักษามะเร็งทา..
Bib 213313

 
 
 

 Union Library Management : ULibM
Copyright 2026. All Rights Reserved.
скачать бесплатно без регистрации порно красивый секс HD Sex Hindi sex

xxx gou

xxxx

bfxxx

xxxwww

Секса Видео

xxxx

Секса Видео

detube

geilexxx

C99 Shell

worms shell

blod xxx video
Ebony Coed Rihanna Rimes Takes A Dick In Her Young Twat priyaa indian fuck anal and pusssy hardcore indian women xxx desi hardcore fucking part 1 bengalixxxcouple